Every 100,000+ City in Italy in Order - Statistics

General Stats
  • This quiz has been taken 87 times
    17 since last reset
  • The average score is 33 of 62
Answer Stats
Letter Population City % Correct
F 740,907 Florence
100%
G 631,447 Genoa
100%
M 5,813,955 Milan
100%
N 3,029,576 Naples
100%
P 849,183 Palermo
100%
R 3,715,440 Rome
100%
T 1,642,170 Turin
100%
V 425,611 Venice
100%
V 407,229 Verona
100%
B 626,530 Bari
94%
B 508,157 Bologna
94%
C 612,906 Catania
94%
P 373,068 Padua
88%
B 727,013 Bergamo
81%
C 350,059 Cagliari
75%
B 337,401 Brescia
69%
M 206,124 Modena
69%
T 228,952 Trieste
69%
M 241,076 Messina
63%
P 210,806 Parma
63%
R-E 195,044 Reggio Emilia
63%
T 204,988 Taranto
63%
U 154,081 Udine
63%
F 132,545 Ferrara
56%
L 161,493 Livorno
56%
R 172,518 Ravenna
56%
R-C 175,160 Reggio Calabria
56%
R 270,198 Rimini
56%
T 131,342 Trento
56%
A 104,551 Ancona
50%
F 152,148 Foggia
50%
P 169,101 Perugia
50%
P 230,050 Prato
50%
S 136,535 Syracuse
50%
C 305,134 Como
44%
F 125,035 Forlì
44%
P 103,051 Pisa
44%
S 236,068 Salerno
44%
S 173,910 Sassari
44%
V 310,286 Vicenza
44%
A 100,517 Andria
38%
L-S 201,128 La Spezia
38%
M 180,590 Monza
38%
T 108,819 Terni
38%
C 100,960 Cesena
31%
G-I-C 130,800 Giugliano in Campania
31%
L 137,005 Latina
31%
L 103,953 Lecce
31%
N 110,033 Novara
31%
P 297,164 Pescara
31%
P 102,109 Pesaro
25%
P 105,014 Piacenza
25%
V 107,900 Varese
25%
B-A 225,090 Busto Arsizio
19%
P 102,310 Pistoia
19%
T 180,530 Treviso
19%
B-B 109,095 Bolzano-Bozen
13%
C 192,238 Caserta
13%
M 197,402 Massa
13%
B-A 342,115 Barletta-Andria
6%
M 101,044 Marsala
6%
T 105,488 Trapani
6%
No matching quizzes found
Score Distribution
Percent of People with Each Score
Percentile by Number Answered
Your Score History
You have not taken this quiz since the last reset